000 00388nam a2200181Ia 4500
005 20251020182615.0
008 200515s9999 xx 000 0 und d
082 _aSC/693.1/V44T
110 _aInce
245 0 _aAlbañilería : Tecnología
260 _aCaracas
260 _c1975
300 _a90
650 _aALBAÑILERIA
650 _aHIT
650 _aPUB INCE
942 _cLIB
999 _c3481
_d3481